العنف العائلي في القانون الجزائي / (Record no. 53545)
[ view plain ]
| 000 -LEADER | |
|---|---|
| fixed length control field | 02209nam a2200385 i 4500 |
| 003 - CONTROL NUMBER IDENTIFIER | |
| control field | EG-GICUC |
| 005 - DATE AND TIME OF LATEST TRANSACTION | |
| control field | 20260121101630.0 |
| 008 - FIXED-LENGTH DATA ELEMENTS--GENERAL INFORMATION | |
| fixed length control field | 251231s2012 ua d|||fr|||| 000 0 ara d |
| 017 ## - COPYRIGHT OR LEGAL DEPOSIT NUMBER | |
| Copyright or legal deposit number | 2011/21133 |
| 020 ## - INTERNATIONAL STANDARD BOOK NUMBER | |
| International Standard Book Number | 977-6223-15-8 |
| 040 ## - CATALOGING SOURCE | |
| Original cataloging agency | EG-GICUC |
| Language of cataloging | ara |
| Transcribing agency | EG-GICUC |
| Modifying agency | EG-GICUC |
| Description conventions | rda |
| 041 0# - LANGUAGE CODE | |
| Language code of text/sound track or separate title | ara |
| 082 04 - DEWEY DECIMAL CLASSIFICATION NUMBER | |
| Edition number | 21 |
| Classification number | 343.651 |
| Item number | ز ن . ع |
| 092 04 - LOCALLY ASSIGNED DEWEY CALL NUMBER (OCLC) | |
| Edition number | 21 |
| 099 ## - LOCAL FREE-TEXT CALL NUMBER (OCLC) | |
| Classification number | Law1 10 343.651 ز ن . ع 2012 |
| 100 0# - MAIN ENTRY--PERSONAL NAME | |
| Personal name | زينب وحيد دحام. |
| Relator term | مؤلف. |
| 245 12 - TITLE STATEMENT | |
| Title | العنف العائلي في القانون الجزائي / |
| Statement of responsibility, etc. | زينب وحيد دحام. |
| 250 ## - EDITION STATEMENT | |
| Edition statement | الطبعة الأولي. |
| 264 #1 - PRODUCTION, PUBLICATION, DISTRIBUTION, MANUFACTURE, AND COPYRIGHT NOTICE | |
| Place of production, publication, distribution, manufacture | القاهرة : |
| Name of producer, publisher, distributor, manufacturer | المركز القومي للإصدارات القانونية, |
| Date of production, publication, distribution, manufacture, or copyright notice | 2012. |
| 300 ## - PHYSICAL DESCRIPTION | |
| Extent | 274 صفحة, صفحات غير مرقمة : |
| Other physical details | جداول ؛ |
| Dimensions | 24 سم. |
| 336 ## - CONTENT TYPE | |
| Source | rda content |
| Content type term | text |
| 337 ## - MEDIA TYPE | |
| Source | rda media |
| Media type term | Computer |
| 338 ## - CARRIER TYPE | |
| Source | rda carrier |
| Carrier type term | Online Resource |
| 500 ## - GENERAL NOTE | |
| General note | أطروحة قدمتها الطالبة زينب وحيد دمام. |
| 504 ## - BIBLIOGRAPHY, ETC. NOTE | |
| Bibliography, etc. note | ببليوجرافيا: صفحات 235-259 |
| 504 ## - BIBLIOGRAPHY, ETC. NOTE | |
| Bibliography, etc. note | يشتمل على إرجاعات ببليوجرافية.<br/><br/> |
| 505 ## - FORMATTED CONTENTS NOTE | |
| Formatted contents note | العنف والعدوان - العنف<br/>مفهوم العنف العائلي - العنف في الشريعة الإسلامية -<br/>والإرهاب - أسباب العنف العائلي ومظاهره - الكحول والمخدرات - الممارسة - العادات<br/>والتقاليد الاجتماعية - الإعلام - الأسباب الاقتصادية والاجتماعية والثقافية -<br/>مظاهر العنف الأسري - نطاق العنف المشروع - حق تأديب الزوجة - حق تأديب الصغار -<br/>وسيلة التأديب - موقف المواثيق الدولية والقوانين من العنف العائلي غير المشروع |
| 520 ## - SUMMARY, ETC. | |
| Summary, etc. | يشتمل علي ملخص بالإنجليزية. |
| 546 ## - LANGUAGE NOTE | |
| Language note | النص أغلبه باللغة العربية مع بعض النصوص الإنجليزية |
| 650 1# - SUBJECT ADDED ENTRY--TOPICAL TERM | |
| Topical term or geographic name entry element | الإجرام العنف. |
| Source of heading or term | qrmak |
| 651 1# - SUBJECT ADDED ENTRY--GEOGRAPHIC NAME | |
| Source of heading or term | qrmak |
| 856 40 - ELECTRONIC LOCATION AND ACCESS | |
| Uniform Resource Identifier | <a href="https://fll.law.cu.edu.eg/fulltext/bks/B10-07080.pdf">https://fll.law.cu.edu.eg/fulltext/bks/B10-07080.pdf</a> |
| 905 ## - Cataloger and Reviser Names | |
| Cataloger Name: | Omar |
| 942 ## - ADDED ENTRY ELEMENTS (KOHA) | |
| Source of classification or shelving scheme | Dewey Decimal Classification |
| Koha item type | Books |
| Edition | 21 |
| Suppress in OPAC | No |
| Withdrawn status | Lost status | Source of classification or shelving scheme | Damaged status | Not for loan | Collection | Home library | Current library | Date acquired | Total checkouts | Full call number | Barcode | Date last seen | Copy number | Price effective from | Koha item type |
|---|---|---|---|---|---|---|---|---|---|---|---|---|---|---|---|
| Dewey Decimal Classification | Not for loan | القانون الجنائي | جــــامعة القــاهرة | مكتبة كلية الحقوق - المبنى الرئيسي | 31.12.2025 | Law1 10 343.651 ز ن . ع 1 ed - 2012 1007080 C1 | B10-07080 | 31.12.2025 | 1 | 31.12.2025 | Books |